00612nam a2200181 i 4500001000700000003000900007005001700016007000300033008004100036100004000077245011100117260005500228300003400283650003100317700004000348852002100388852002100409120864ES-MaACL20250912063049.0t|070214s1917 sp r ||||1| spa d1 aPrat de la Riba, Enric, d1870-191713aLa nacionalidad catalana / cEnrique Prat de la Riba ; traducción y prólogo de Antonio Royo Villanova. aValladolid : b[s. n.], c1917 (fImp. Castellana) aXXXIX, 143 p. ; c19 x 12 cm. 4aNacionalismo-xCataluña.1 aRoyo Villanova, Antonio,d1869-1958 aES-MaACLjF-3212 aES-MaACLjD-3161